|
|
|
|
| LEADER |
01201nam a2200277 i 4500 |
| 001 |
27384 |
| 005 |
20130804121347.0 |
| 008 |
130804r2012 enka b 001 0 eng |
| 010 |
|
|
|a 77085682
|
| 020 |
|
|
|a 0521218845
|
| 020 |
|
|
|a 978107644069
|
| 040 |
|
|
|a DLC
|c DLC
|d DLC
|d BD-DhAAL
|
| 050 |
0 |
0 |
|a QC793.5.T428
|b S68
|
| 082 |
0 |
0 |
|a 539.7/213
|2 22
|
| 999 |
|
|
|c 13809
|d 13809
|
| 999 |
|
|
|c 13809
|
| 100 |
1 |
|
|a Squires, G. L.
|q (Gordon Leslie)
|9 2521
|
| 245 |
1 |
0 |
|a Introduction to the theory of thermal neutron scattering /
|c G. L. Squires.
|
| 260 |
|
|
|a Cambridge ;
|a New York :
|b Cambridge University Press,
|c 2012.[Reprinted]
|
| 300 |
|
|
|a vii, 260 p. :
|b ill. ;
|c 24 cm.
|
| 504 |
|
|
|a Includes bibliography (p. 241-246.) and index.
|
| 541 |
|
|
|e 27384, 27385
|
| 650 |
|
0 |
|a Thermal neutrons
|x Scattering.
|9 2522
|
| 942 |
|
|
|2 ddc
|c BK
|
| 952 |
|
|
|0 0
|1 0
|2 ddc
|4 0
|6 539_721300000000000_SQU
|7 0
|9 23103
|a BRACUL
|b BRACUL
|c GEN
|d 2013-08-04
|e Karim International
|g 5700.00
|l 1
|m 1
|o 539.7213 SQU
|p 3010027384
|r 2024-06-30
|s 2024-06-23
|t 1
|w 2013-08-04
|y BK
|
| 952 |
|
|
|0 0
|1 0
|2 ddc
|4 0
|6 539_721300000000000_SQU
|7 0
|9 23104
|a BRACUL
|b BRACUL
|c GEN
|d 2013-08-04
|e Karim International
|g 5700.00
|l 0
|o 539.7213 SQU
|p 3010027385
|r 2013-08-04
|t 2
|w 2013-08-04
|y BK
|